000 00206nam a22001097a 4500
100 _aPalia,Sunil
245 _aMAT NTSE
250 _a2023
260 _bMTG learning Media
300 _a429
942 _2ddc
_cBK
999 _c6685
_d6685